| 000 | 00612 a2200181 4500 | ||
|---|---|---|---|
| 999 |
_c3488 _d3488 |
||
| 020 | _a0205261183 | ||
| 050 | 0 | 0 | _aPN4121 FUJ 1997 |
| 100 | 1 |
_aFujishin, Randy. _eauthor |
|
| 245 | 1 | 4 |
_aThe natural speaker / _cRandy Fujishin. |
| 250 | _a2nd ed. | ||
| 264 |
_aBoston _bAllyn and Bacon _c1997 |
||
| 300 | _ax, 163 p. ; | ||
| 500 | _aIncludes index | ||
| 504 | _aIncludes bibliographical references | ||
| 650 | 0 | _aPublic speaking. | |
| 942 |
_2lcc _cBK _e2nd ed. _h4121 _iFUJ _kPN |
||